00623nam a2200181 i 450000100060000000300090000600500170001500700030003200800410003510000260007624500790010226000570018130000220023870000220026085200210028299900170030395201210032035621ES-MaACL20230906155152.0t|030213s1925 xxu ||||1| eng d1 aBreck, Joseph.93154614aThe pierpont Morgan Wing b: a handbook / cby Joseph Breck and R. Rogers. aNew York : bThe Metropolitan Museum of Art, c1925. a395 p. ; c22 cm.1 aRogers, R.998950 aES-MaACLjF-1841 c35621d35621 00104070aATENEOMbATENEOMcDEPO2d2008-01-17eSCl0oF-1841p1037300r2023-02-23 00:00:00w2023-02-23yMONOGRAFIA